| 000 | 00630nam a22002537a 4500 | ||
|---|---|---|---|
| 001 | 28504 | ||
| 003 | UA-OsUOA | ||
| 005 | 20220203214420.0 | ||
| 007 | ta | ||
| 008 | 20050404b un ||||| |||| 00| 0 ukr d | ||
| 020 | _a5-8243-0499-8 | ||
| 040 |
_aUA-OsUOA _brus _cUA-OsUOA _dUA-OsUOA |
||
| 041 | _arus | ||
| 044 | _aRU | ||
| 080 | _a1:18 | ||
| 090 |
_a1:18 _bК28 |
||
| 100 | _aКассирер Э. | ||
| 245 |
_aФилософия Просвищения _cЭрнст Кассирер ; пер. с нем. |
||
| 260 |
_aМ. _bРОССПЭН _c2004 |
||
| 300 | _a400 с. | ||
| 650 | 7 | _2UDC | |
| 942 |
_cBK _2udc |
||
| 955 | _a0 | ||
| 999 |
_c314873 _d314873 |
||